[Event "Dubai op-A 23rd"]
[Site "Dubai"]
[Date "2023.05.31"]
[Round "5"]
[White "Saeed, Ishaq"]
[Black "Mkrtchyan, Mariam"]
[Result "1-0"]
[WhiteElo "2303"]
[BlackElo "2360"]
[PlyCount "73"]
[EventDate "2023.05.27"]
[EventType "swiss"]
[EventRounds "9"]
[EventCountry "UAE"]
[SourceTitle "CBM 214 Extra"]
[Source "ChessBase"]
[SourceDate "2023.07.31"]
[SourceVersion "1"]
[SourceVersionDate "2023.07.31"]
[SourceQuality "1"]

1. d4 Nf6 2. c4 e6 3. a3 d5 4. Nc3 Be7 5. Nf3 0-0 6. Qc2 c5 7. dxc5 Bxc5 8. b4 Be7 9. Bb2 a5 10. b5 Nbd7 11. cxd5 exd5 12. Na4 Nb6 13. e3 Nxa4 14. Qxa4 Bf5 15. Be2 Rc8 16. Nd4 Be4 17. 0-0 Nd7 18. Bg4 Rc4 19. Qd1 Nb6 20. Rc1 a4 21. Be2 Rxc1 22. Qxc1 Bd6 23. Nf3 Qe7 24. Qc3 f6 25. Rc1 Rc8 26. Qd4 Bxa3 27. Rxc8+ Nxc8 28. Bxa3 Qxa3 29. Nd2 Qc1+ 30. Bf1 a3 31. Nxe4 dxe4 32. g3 h6 33. Kg2 f5 34. Bc4+ Kh7 35. Qc5 Qb2 36. Qxf5+ g6 37. Qxc8 1-0

[Event "Sharjah Blitz"]
[Site "Sharjah"]
[Date "2023.03.28"]
[Round "4"]
[White "Miladinovic, Igor"]
[Black "Saeed, Ishaq"]
[Result "0-1"]
[WhiteElo "2507"]
[BlackElo "2303"]
[PlyCount "58"]
[EventDate "2023.03.28"]
[EventType "swiss (blitz)"]
[EventRounds "9"]
[EventCountry "UAE"]
[SourceTitle "CBM 213 Extra"]
[Source "ChessBase"]
[SourceDate "2023.05.31"]
[SourceVersion "1"]
[SourceVersionDate "2023.05.31"]
[SourceQuality "1"]

1. d4 Nf6 2. Bg5 e6 3. e3 h6 4. Bh4 Be7 5. c3 b6 6. Nd2 Bb7 7. Bxf6 Bxf6 8. Ngf3 0-0 9. Bd3 c5 10. h4 d6 11. g4 g6 12. g5 hxg5 13. hxg5 Bg7 14. Qe2 Nd7 15. 0-0-0 Rc8 16. Rh4 cxd4 17. exd4 e5 18. d5 Bxd5 19. Ne4 Bxe4 20. Bxe4 Nc5 21. Kb1 Ne6 22. Qe3 Nf4 23. Rh2 Re8 24. Bc2 d5 25. Bb3 Rc5 26. Rg1 Qd7 27. Nd2 Qf5+ 28. Bc2 e4 29. Nc4 Rxc4 0-1

[Event "Abu Dhabi op 28th"]
[Site "Abu Dhabi"]
[Date "2022.08.25"]
[Round "9"]
[White "Stojanovic, Andjelija"]
[Black "Saeed, Ishaq"]
[Result "1/2-1/2"]
[WhiteElo "2287"]
[BlackElo "2366"]
[PlyCount "67"]
[EventDate "2022.08.17"]
[EventType "swiss"]
[EventRounds "9"]
[EventCountry "UAE"]
[SourceTitle "CBM 209 Extra"]
[Source "ChessBase"]
[SourceDate "2022.09.30"]
[SourceVersion "1"]
[SourceVersionDate "2022.09.30"]
[SourceQuality "1"]

1. e4 e5 2. Nf3 Nc6 3. d4 exd4 4. Bc4 Nf6 5. 0-0 Nxe4 6. Re1 d5 7. Bxd5 Qxd5 8. Nc3 Qa5 9. Nxe4 Be6 10. Neg5 0-0-0 11. Nxe6 fxe6 12. Rxe6 Bd6 13. Bg5 Rde8 14. Qe1 Qxe1+ 15. Raxe1 Kd7 16. Rxe8 Rxe8 17. Rxe8 Kxe8 18. Kf1 Kd7 19. Ke2 Ke6 20. a3 Kd5 21. Kd3 Ne5+ 22. Nxe5 Bxe5 23. a4 a6 24. g3 c6 25. Bd2 g6 26. a5 c5 27. b3 Bd6 28. f4 Bc7 29. c4+ dxc3 30. Bxc3 Bd8 31. h3 Bc7 32. Bd2 Bd8 33. Bc3 Bc7 34. Bd2 1/2-1/2

[Event "Abu Dhabi op 28th"]
[Site "Abu Dhabi"]
[Date "2022.08.24"]
[Round "8"]
[White "Saeed, Ishaq"]
[Black "Jain, Kashish Manoj"]
[Result "0-1"]
[WhiteElo "2366"]
[BlackElo "2315"]
[PlyCount "102"]
[EventDate "2022.08.17"]
[EventType "swiss"]
[EventRounds "9"]
[EventCountry "UAE"]
[SourceTitle "CBM 209 Extra"]
[Source "ChessBase"]
[SourceDate "2022.09.30"]
[SourceVersion "1"]
[SourceVersionDate "2022.09.30"]
[SourceQuality "1"]

1. d4 d5 2. c4 c6 3. Nf3 Nf6 4. e3 e6 5. Bd3 dxc4 6. Bxc4 Nbd7 7. 0-0 Bd6 8. Bd3 0-0 9. Nbd2 c5 10. Nc4 Be7 11. a4 b6 12. a5 Bb7 13. a6 Bd5 14. Na3 Ne4 15. Qe2 f5 16. Nb5 Bf6 17. Nd2 Nxd2 18. Bxd2 Kh8 19. f3 cxd4 20. exd4 Nb8 21. Bc3 Nc6 22. Kh1 Rc8 23. Qe3 Rf7 24. Na3 Rfc7 25. Rfe1 Qf8 26. Bb5 g6 27. Ba4 Qg7 28. Rad1 g5 29. Qf2 g4 30. Nc2 gxf3 31. g3 Be4 32. Rxe4 fxe4 33. Re1 Ne7 34. Rxe4 Nd5 35. Qxf3 Nxc3 36. bxc3 Rxc3 37. Qe2 Qg5 38. Ne3 Bxd4 39. Nd1 Qd5 40. Nxc3 Rxc3 41. Bc2 Bc5 42. h3 Rxg3 43. Kh2 Bd6 44. Kh1 Qg5 45. Rg4 Rxh3+ 46. Kg1 Qc5+ 47. Kf1 Rh1+ 48. Kg2 Rh2+ 49. Kf3 Qc3+ 50. Qd3 Rh3+ 51. Ke4 Qe5# 0-1

[Event "Abu Dhabi op 28th"]
[Site "Abu Dhabi"]
[Date "2022.08.22"]
[Round "6"]
[White "Saeed, Ishaq"]
[Black "Manish, Anto Cristiano F"]
[Result "1/2-1/2"]
[WhiteElo "2366"]
[BlackElo "2215"]
[PlyCount "129"]
[EventDate "2022.08.17"]
[EventType "swiss"]
[EventRounds "9"]
[EventCountry "UAE"]
[SourceTitle "CBM 209 Extra"]
[Source "ChessBase"]
[SourceDate "2022.09.30"]
[SourceVersion "1"]
[SourceVersionDate "2022.09.30"]
[SourceQuality "1"]

1. d4 d5 2. c4 c6 3. Nf3 Nf6 4. e3 e6 5. Bd3 Nbd7 6. 0-0 Bd6 7. Nbd2 0-0 8. e4 dxe4 9. Nxe4 Nxe4 10. Bxe4 e5 11. dxe5 Nxe5 12. Nxe5 Bxe5 13. Bxh7+ Kxh7 14. Qh5+ Kg8 15. Qxe5 Re8 16. Qf4 Qd3 17. b3 Re4 18. Qd2 Qxd2 19. Bxd2 Re2 20. Rfd1 Bf5 21. Kf1 Ree8 22. Be3 a5 23. a4 Rad8 24. Rxd8 Rxd8 25. Bb6 Rd3 26. Bxa5 Rxb3 27. c5 Rb1+ 28. Rxb1 Bxb1 29. Bc3 Bc2 30. a5 f6 31. Ke2 Kf7 32. Ke3 Ke6 33. Kd4 Bb3 34. Bd2 Ba4 35. Bc1 Bb5 36. h4 Bf1 37. g3 Be2 38. Bf4 Bd1 39. Bd6 Kf5 40. Ke3 g5 41. f3 gxh4 42. gxh4 Bb3 43. Bf4 Bf7 44. Bd6 Bh5 45. Be7 Bf7 46. Bd8 Bh5 47. Bc7 Bf7 48. Bb8 Bh5 49. Bg3 Bf7 50. Be1 Bh5 51. Bc3 Bf7 52. Bb2 Bh5 53. Bc3 Bf7 54. f4 Bh5 55. Bb2 Ke6 56. Ke4 f5+ 57. Kd4 Be2 58. Bc3 Bd1 59. Kc4 Be2+ 60. Kb4 Kf7 61. Be1 Bd1 62. Bc3 Be2 63. Be1 Bd1 64. Bf2 Be2 65. Bd4 1/2-1/2

[Event "Abu Dhabi op 28th"]
[Site "Abu Dhabi"]
[Date "2022.08.17"]
[Round "1"]
[White "Tomashevsky, Evgeny"]
[Black "Saeed, Ishaq"]
[Result "1-0"]
[WhiteElo "2702"]
[BlackElo "2366"]
[PlyCount "97"]
[EventDate "2022.08.17"]
[EventType "swiss"]
[EventRounds "9"]
[EventCountry "UAE"]
[SourceTitle "CBM 209 Extra"]
[Source "ChessBase"]
[SourceDate "2022.09.30"]
[SourceVersion "1"]
[SourceVersionDate "2022.09.30"]
[SourceQuality "1"]

1. c4 Nf6 2. Nc3 c5 3. Nf3 e6 4. g3 b6 5. Bg2 Bb7 6. 0-0 Be7 7. d4 cxd4 8. Qxd4 d6 9. Bg5 h6 10. Bxf6 Bxf6 11. Qd3 a6 12. Rfd1 Be7 13. Ne4 Bxe4 14. Qxe4 Ra7 15. Nd4 0-0 16. Rd2 Qc8 17. b3 Rd8 18. Bh3 Qb7 19. Qe3 Bg5 20. f4 Bf6 21. Rad1 Qc7 22. Bg2 Qc5 23. Qf2 Rc7 24. f5 Bxd4 25. Qxd4 Qxd4+ 26. Rxd4 exf5 27. Rxd6 Rxd6 28. Rxd6 Nd7 29. Bh3 g6 30. e4 Kf8 31. exf5 Ke7 32. Rxd7+ Rxd7 33. f6+ Kd6 34. Bxd7 Kxd7 35. Kf2 Ke6 36. Ke3 Kxf6 37. Kd4 Ke6 38. c5 bxc5+ 39. Kxc5 Ke5 40. b4 f5 41. a4 g5 42. b5 axb5 43. axb5 Ke6 44. Kc6 f4 45. b6 f3 46. b7 f2 47. b8Q f1Q 48. Qe8+ Kf6 49. Qf8+ 1-0

[Event "Sharjah Masters 5th"]
[Site "Sharjah"]
[Date "2022.05.25"]
[Round "5"]
[White "Saeed, Ishaq"]
[Black "Injac, Teodora"]
[Result "0-1"]
[WhiteElo "2397"]
[BlackElo "2384"]
[PlyCount "108"]
[EventDate "2022.05.21"]
[EventType "swiss"]
[EventRounds "9"]
[EventCountry "UAE"]
[SourceTitle "CBM 208 Extra"]
[Source "ChessBase"]
[SourceDate "2022.07.31"]
[SourceVersion "1"]
[SourceVersionDate "2022.07.31"]
[SourceQuality "1"]

1. Nf3 d5 2. g3 g6 3. Bg2 Bg7 4. d4 c6 5. 0-0 Nf6 6. b3 0-0 7. Bb2 a5 8. a3 Bf5 9. Nbd2 Ne4 10. Nh4 Nxd2 11. Qxd2 Be6 12. Nf3 h6 13. Rfe1 a4 14. e4 axb3 15. cxb3 dxe4 16. Rxe4 Bxb3 17. Rh4 Bd5 18. Re1 Nd7 19. Rxh6 Qa5 20. Rh4 Qxd2 21. Nxd2 e6 22. Bc1 Ra4 23. Nf3 Rfa8 24. Ne5 Nxe5 25. dxe5 Rxh4 26. gxh4 Ra4 27. Bxd5 cxd5 28. Kg2 Bf8 29. Re3 Bc5 30. Rb3 b6 31. Kg3 Re4 32. Bb2 Kf8 33. Bc3 Ke8 34. Bb2 Re2 35. f4 Kd7 36. a4 Kc6 37. h3 Re4 38. h5 gxh5 39. Kh4 Rxf4+ 40. Kxh5 d4 41. Bc1 Rf5+ 42. Kg4 Rxe5 43. h4 Re4+ 44. Kh3 Be7 45. h5 Rh4+ 46. Kg3 Rxh5 47. Rd3 Kd5 48. Ba3 Kc4 49. Rf3 Bxa3 50. Rxa3 d3 51. Kf3 Rh3+ 52. Kf2 d2 53. Ra1 Rc3 54. Rd1 Kd3 0-1

[Event "Sharjah Masters 5th"]
[Site "Sharjah"]
[Date "2022.05.24"]
[Round "4"]
[White "Saeed, Ishaq"]
[Black "Begmuratov, Khumoyun"]
[Result "0-1"]
[WhiteElo "2397"]
[BlackElo "2384"]
[PlyCount "110"]
[EventDate "2022.05.21"]
[EventType "swiss"]
[EventRounds "9"]
[EventCountry "UAE"]
[SourceTitle "CBM 208 Extra"]
[Source "ChessBase"]
[SourceDate "2022.07.31"]
[SourceVersion "1"]
[SourceVersionDate "2022.07.31"]
[SourceQuality "1"]

1. Nf3 Nf6 2. g3 g6 3. Bg2 Bg7 4. 0-0 d6 5. d4 0-0 6. a4 a5 7. Nc3 Bf5 8. Nh4 Bc8 9. e4 e5 10. dxe5 dxe5 11. Bg5 Qxd1 12. Rfxd1 h6 13. Be3 Na6 14. Bf1 Be6 15. f3 Nb4 16. Rd2 Rfd8 17. Rad1 Rxd2 18. Rxd2 Bf8 19. Be2 Ne8 20. Nb5 Na2 21. f4 c6 22. f5 gxf5 23. exf5 Bd5 24. c4 Be4 25. Nc3 Nxc3 26. bxc3 Nd6 27. g4 b5 28. c5 Nc4 29. Bxc4 bxc4 30. f6 Bd5 31. Rb2 Re8 32. Rb7 Kh7 33. Kf2 Re6 34. Rxf7+ Kg8 35. Rxf8+ Kxf8 36. Bxh6+ Kf7 37. g5 Be4 38. Ke3 Bc2 39. Bg7 Re8 40. Nf3 Bd3 41. h4 Bg6 42. Nd2 Rd8 43. Nxc4 Rd3+ 44. Ke2 Rd5 45. Nd6+ Ke6 46. Nb7 e4 47. Bf8 Rd3 48. Bd6 Bh5+ 49. Kf2 e3+ 50. Kg2 e2 51. Nd8+ Kd7 52. f7 e1Q 53. f8Q Rd2+ 54. Kh3 Qh1+ 55. Kg3 Qh2# 0-1

[Event "Sharjah Masters 5th"]
[Site "Sharjah"]
[Date "2022.05.23"]
[Round "3"]
[White "Mastrovasilis, Dimitrios"]
[Black "Saeed, Ishaq"]
[Result "1-0"]
[WhiteElo "2613"]
[BlackElo "2397"]
[PlyCount "151"]
[EventDate "2022.05.21"]
[EventType "swiss"]
[EventRounds "9"]
[EventCountry "UAE"]
[SourceTitle "CBM 208 Extra"]
[Source "ChessBase"]
[SourceDate "2022.07.31"]
[SourceVersion "1"]
[SourceVersionDate "2022.07.31"]
[SourceQuality "1"]

1. e4 e5 2. Nf3 Nc6 3. Bb5 a6 4. Ba4 Nf6 5. Nc3 b5 6. Bb3 Be7 7. 0-0 Bb7 8. d3 0-0 9. a3 Nd4 10. Nxd4 exd4 11. Ne2 c5 12. Ng3 d5 13. e5 Nd7 14. f4 c4 15. Ba2 f5 16. Kh1 Nc5 17. Qf3 Qb6 18. Ne2 Ne6 19. Qf2 Rac8 20. b4 a5 21. c3 axb4 22. axb4 cxd3 23. Nxd4 Rxc3 24. Be3 Kh8 25. Nxf5 Qd8 26. Nd4 Nxd4 27. Bxd4 Rc2 28. Qg3 Bc8 29. Bb3 Rc4 30. Qxd3 Bf5 31. Qe3 Rxb4 32. Ra7 Re8 33. Qc3 Be4 34. e6 Rxd4 35. Qxd4 Bf6 36. Qc5 Rxe6 37. Rc7 Re8 38. Rc1 h6 39. Qxb5 Kh7 40. Rd7 Qa8 41. Bxd5 Bxd5 42. Qxd5 Qa3 43. Qd3+ Qxd3 44. Rxd3 Re4 45. Rf3 Ra4 46. Rf2 Bd4 47. Re2 Bf6 48. g3 Ra3 49. Kg2 Rb3 50. Rc5 Ra3 51. Kh3 Rb3 52. Rd5 Ra3 53. Kg4 Kg6 54. Red2 Rb3 55. h4 Ra3 56. h5+ Kh7 57. R2d3 Ra8 58. Kf5 Rf8 59. Ke4 Re8+ 60. Kf3 Rf8 61. Rb3 Rf7 62. Rdb5 Rd7 63. Rb8 Rc7 64. Kg4 Bd4 65. Rd3 Bf6 66. Ra8 Rb7 67. Rda3 Bd4 68. Rc8 Bf6 69. f5 Rb4+ 70. Kh3 Be7 71. Raa8 g5 72. hxg6+ Kg7 73. Rc7 Re4 74. Re8 Kf6 75. Rexe7 Rxe7 76. Rxe7 1-0

[Event "Sharjah Masters 5th"]
[Site "Sharjah"]
[Date "2022.05.22"]
[Round "2"]
[White "Mastrovasilis, Athanasios"]
[Black "Saeed, Ishaq"]
[Result "1-0"]
[WhiteElo "2540"]
[BlackElo "2397"]
[PlyCount "115"]
[EventDate "2022.05.21"]
[EventType "swiss"]
[EventRounds "9"]
[EventCountry "UAE"]
[SourceTitle "CBM 208 Extra"]
[Source "ChessBase"]
[SourceDate "2022.07.31"]
[SourceVersion "1"]
[SourceVersionDate "2022.07.31"]
[SourceQuality "1"]

1. d4 Nf6 2. c4 c5 3. d5 b5 4. cxb5 a6 5. bxa6 g6 6. Nc3 Bxa6 7. Nf3 d6 8. e4 Bxf1 9. Kxf1 Bg7 10. g3 0-0 11. Kg2 Nbd7 12. a4 Qb6 13. Re1 Ng4 14. Nb5 c4 15. Re2 f5 16. Qc2 fxe4 17. Qxe4 Nde5 18. Ra3 Qc5 19. Be3 Nxe3+ 20. Raxe3 Rxa4 21. Nc3 Rb4 22. Ng5 Qb6 23. f4 Bh6 24. Ne6 Ng4 25. Nxf8 Nxe3+ 26. Rxe3 Bxf8 27. Kh3 Qb7 28. Qe6+ Kg7 29. Ne4 h6 30. f5 gxf5 31. Rf3 Kh8 32. Rxf5 Bg7 33. Rf7 Rb5 34. Nc3 Rxb2 35. Rxe7 Qxe7 36. Qxe7 Bxc3 37. Qe8+ Kh7 38. Qe4+ Kh8 39. Qxc4 Be5 40. Qc7 Rf2 41. Qe7 Rf6 42. Kg4 Kg8 43. Kh5 Kh8 44. g4 Kg8 45. h4 Bd4 46. g5 hxg5 47. hxg5 Rf7 48. Qxd6 Rh7+ 49. Kg4 Rf7 50. Qe6 Kg7 51. d6 Bb6 52. Qe8 Rf8 53. Qe5+ Kg6 54. Qe6+ Kg7 55. Qh6+ Kf7 56. g6+ Ke8 57. g7 Rg8 58. Qe6+ 1-0

[Event "Sharjah Masters 5th"]
[Site "Sharjah"]
[Date "2022.05.21"]
[Round "1"]
[White "Saeed, Ishaq"]
[Black "Sindarov, Javokhir"]
[Result "0-1"]
[WhiteElo "2397"]
[BlackElo "2609"]
[PlyCount "76"]
[EventDate "2022.05.21"]
[EventType "swiss"]
[EventRounds "9"]
[EventCountry "UAE"]
[SourceTitle "CBM 208 Extra"]
[Source "ChessBase"]
[SourceDate "2022.07.31"]
[SourceVersion "1"]
[SourceVersionDate "2022.07.31"]
[SourceQuality "1"]

1. d4 Nf6 2. c4 g6 3. Nf3 Bg7 4. g3 c5 5. Bg2 Nc6 6. 0-0 0-0 7. Nc3 d6 8. d5 Na5 9. Nd2 a6 10. Qc2 e6 11. b3 exd5 12. cxd5 b5 13. Bb2 Re8 14. Nde4 Nh5 15. Nd1 Bf5 16. Bxg7 Bxe4 17. Bxe4 Kxg7 18. Bf3 Nf6 19. h4 Rc8 20. h5 Re5 21. hxg6 hxg6 22. Kg2 Nxd5 23. Bxd5 Rxd5 24. Qc3+ f6 25. Rh1 Nc6 26. Qc1 Rg5 27. f4 Rh5 28. Rxh5 gxh5 29. Nf2 Qe8 30. e3 d5 31. Qxc5 Ne7 32. Qa7 Kg6 33. g4 hxg4 34. Rh1 Rc2 35. f5+ Nxf5 36. Qh7+ Kg5 37. Kg1 Rc1+ 38. Kg2 Nxe3+ 0-1

[Event "Dubai bin Rashid Cup Blitz"]
[Site "Dubai"]
[Date "2021.12.09"]
[Round "4"]
[White "Meier, Georg"]
[Black "Saeed, Ishaq"]
[Result "1-0"]
[WhiteElo "2584"]
[BlackElo "2195"]
[PlyCount "90"]
[EventDate "2021.12.09"]
[EventType "swiss (blitz)"]
[EventRounds "11"]
[EventCountry "UAE"]
[SourceTitle "CBM 205 Extra"]
[Source "ChessBase"]
[SourceDate "2022.01.31"]
[SourceVersion "1"]
[SourceVersionDate "2022.01.31"]
[SourceQuality "1"]

1. Nf3 Nf6 2. g3 b6 3. Bg2 Bb7 4. 0-0 e6 5. c4 Be7 6. b3 0-0 7. Bb2 c5 8. Nc3 d6 9. d4 cxd4 10. Nxd4 Bxg2 11. Kxg2 Qc8 12. e3 Nc6 13. Rc1 Rd8 14. Qf3 Ne5 15. Qe2 Qb7+ 16. f3 a6 17. Rfd1 Rac8 18. e4 g5 19. h3 h6 20. Rc2 Ng6 21. Bc1 Nh5 22. f4 Ng7 23. Kh2 Bf6 24. Be3 Qb8 25. Rf1 gxf4 26. gxf4 Kh7 27. Kh1 Qb7 28. Qf3 Nh4 29. Qg4 Rg8 30. Qd1 b5 31. Qd3 b4 32. Nce2 Bxd4 33. Nxd4 Ngf5 34. Nxf5 Nxf5 35. Bf2 Kh8 36. Rcc1 Rg7 37. Rg1 Rcg8 38. Kh2 Ne7 39. Bd4 e5 40. Rxg7 Rxg7 41. fxe5 Kh7 42. exd6 Ng6 43. Bxg7 Kxg7 44. d7 Qc7+ 45. Kh1 Qf4 1-0

[Event "Dubai bin Rashid Cup Blitz"]
[Site "Dubai"]
[Date "2021.12.09"]
[Round "7"]
[White "Saeed, Ishaq"]
[Black "Santos Ruiz, Miguel"]
[Result "1-0"]
[WhiteElo "2195"]
[BlackElo "2527"]
[PlyCount "64"]
[EventDate "2021.12.09"]
[EventType "swiss (blitz)"]
[EventRounds "11"]
[EventCountry "UAE"]
[SourceTitle "CBM 205 Extra"]
[Source "ChessBase"]
[SourceDate "2022.01.31"]
[SourceVersion "1"]
[SourceVersionDate "2022.01.31"]
[SourceQuality "1"]

1. d4 Nf6 2. c4 e6 3. Nf3 d5 4. g3 Bb4+ 5. Nc3 0-0 6. Bg2 dxc4 7. 0-0 Nc6 8. a3 Be7 9. e4 Rb8 10. Be3 Na5 11. Qc2 b5 12. Rad1 a6 13. Ne5 Nd7 14. f4 Nxe5 15. fxe5 Bg5 16. Bf2 Qe7 17. d5 exd5 18. exd5 Qxe5 19. Rde1 Qd6 20. Ba7 Ra8 21. Ne4 Qg6 22. Bc5 Rd8 23. Qc3 Nb3 24. Nxg5 Nxc5 25. Nxf7 Rf8 26. Ne5 Rxf1+ 27. Rxf1 Qd6 28. Qf3 Bb7 29. Qf7+ Kh8 30. Qh5 Kg8 31. Qf7+ Kh8 32. Qh5 Kg8 1-0

[Event "Dubai bin Rashid Cup Blitz"]
[Site "Dubai"]
[Date "2021.12.09"]
[Round "6"]
[White "Saeed, Ishaq"]
[Black "Sukandar, Irine Kharisma"]
[Result "0-1"]
[WhiteElo "2195"]
[BlackElo "2265"]
[PlyCount "110"]
[EventDate "2021.12.09"]
[EventType "swiss (blitz)"]
[EventRounds "11"]
[EventCountry "UAE"]
[SourceTitle "CBM 205 Extra"]
[Source "ChessBase"]
[SourceDate "2022.01.31"]
[SourceVersion "1"]
[SourceVersionDate "2022.01.31"]
[SourceQuality "1"]

1. d4 Nf6 2. Nf3 e6 3. g3 d5 4. Bg2 c5 5. 0-0 Nc6 6. c4 dxc4 7. Na3 cxd4 8. Nxc4 Bc5 9. a3 a5 10. Bf4 0-0 11. Rc1 Nd5 12. Nce5 Nxf4 13. Nxc6 bxc6 14. Rxc5 Nxg2 15. Kxg2 Rb8 16. Qc2 Ba6 17. Rd1 d3 18. exd3 Qf6 19. d4 Rfd8 20. Rxa5 Rb6 21. b4 h6 22. Rd2 Bb5 23. Ra7 Ra6 24. Rxa6 Bxa6 25. Qxc6 Bc8 26. Qc7 Ba6 27. a4 Rc8 28. Qa7 Bf1+ 29. Kxf1 Qxf3 30. Re2 Rc1+ 31. Re1 Qh1+ 32. Ke2 Qxe1+ 33. Kf3 Rc3+ 34. Kg2 Qe4+ 35. Kh3 Qf5+ 36. Kg2 Rc2 37. d5 Qxd5+ 38. Kh3 Qf5+ 39. Kg2 Qe4+ 40. Kh3 Qxb4 41. a5 Ra2 42. a6 Qa4 43. Qa8+ Kh7 44. Qb7 Qxa6 45. Qxf7 Qd6 46. Qf3 Ra5 47. Qe4+ Kg8 48. Qc2 Rh5+ 49. Kg2 Qd5+ 50. Kg1 Re5 51. Qc8+ Kh7 52. Qc2+ Qe4 53. Qb2 Rd5 54. Qb3 Rd3 55. Qc2 Rxg3+ 0-1

[Event "Dubai bin Rashid Cup Rapid"]
[Site "Dubai"]
[Date "2021.12.08"]
[Round "9"]
[White "Saeed, Ishaq"]
[Black "Ivanisevic, Ivan"]
[Result "0-1"]
[WhiteElo "2409"]
[BlackElo "2604"]
[PlyCount "110"]
[EventDate "2021.12.06"]
[EventType "swiss (rapid)"]
[EventRounds "9"]
[EventCountry "UAE"]
[SourceTitle "CBM 205 Extra"]
[Source "ChessBase"]
[SourceDate "2022.01.31"]
[SourceVersion "1"]
[SourceVersionDate "2022.01.31"]
[SourceQuality "1"]

1. Nf3 d5 2. g3 Nd7 3. Bg2 e5 4. d3 Ngf6 5. 0-0 Bd6 6. Nbd2 0-0 7. e4 c6 8. Qe2 Re8 9. Rd1 a5 10. h3 a4 11. a3 Nc5 12. Nh4 Bf8 13. Nf1 Ne6 14. c3 h6 15. Ne3 Ng5 16. Ng4 Nxg4 17. hxg4 Be6 18. Nf5 g6 19. Ne3 dxe4 20. dxe4 Qf6 21. Nf1 Bb3 22. Re1 Rad8 23. Be3 b5 24. Nd2 Bc2 25. Bxg5 hxg5 26. Nf3 Bb3 27. Qe3 Rd7 28. Bf1 Red8 29. Kg2 Be7 30. Rac1 Kg7 31. c4 b4 32. c5 bxa3 33. bxa3 Qe6 34. Qc3 f6 35. Bc4 Qxg4 36. Bxb3 Rd3 37. Nxe5 fxe5 38. Qxe5+ Bf6 39. Bd1 Rxd1 40. Qc7+ Qd7 41. Qxd7+ R1xd7 42. e5 Be7 43. Re4 Rd4 44. Rc4 Rxe4 45. Rxe4 Ra8 46. Rc4 Kf7 47. Kf3 Ke6 48. Ke4 Ra5 49. f4 Bxc5 50. g4 gxf4 51. Kxf4 Kd5 52. Re4 Bxa3 53. e6 Bd6+ 54. Kf3 Ra7 55. e7 Rxe7 0-1

[Event "Dubai bin Rashid Cup Rapid"]
[Site "Dubai"]
[Date "2021.12.07"]
[Round "5"]
[White "Amin, Bassem"]
[Black "Saeed, Ishaq"]
[Result "1-0"]
[WhiteElo "2680"]
[BlackElo "2409"]
[PlyCount "112"]
[EventDate "2021.12.06"]
[EventType "swiss (rapid)"]
[EventRounds "9"]
[EventCountry "UAE"]
[SourceTitle "CBM 205 Extra"]
[Source "ChessBase"]
[SourceDate "2022.01.31"]
[SourceVersion "1"]
[SourceVersionDate "2022.01.31"]
[SourceQuality "1"]

1. Nf3 Nf6 2. g3 b6 3. Bg2 Bb7 4. 0-0 e6 5. d3 Be7 6. e4 d5 7. e5 Nfd7 8. h4 c5 9. Re1 Nc6 10. c4 d4 11. Bf4 h6 12. h5 g5 13. hxg6 fxg6 14. b4 g5 15. Bd2 Qc7 16. Na3 cxb4 17. Nb5 Qb8 18. Nfxd4 Nxd4 19. Qh5+ Kd8 20. Nxd4 Bxg2 21. Nxe6+ Kc8 22. Kxg2 Nxe5 23. Rxe5 Qxe5 24. Re1 Qd6 25. Qf3 Rb8 26. Bxb4 g4 27. Qe4 Qd7 28. Bxe7 Qb7 29. Nd4 Qxe4+ 30. Rxe4 Kd7 31. Bb4 Rbe8 32. Rxg4 Rh7 33. Rg6 h5 34. a4 Reh8 35. Nf3 Kc7 36. a5 bxa5 37. Bxa5+ Kb7 38. d4 Rc8 39. c5 Rc6 40. Rg8 Ka6 41. Bd2 Rf6 42. Be3 Kb5 43. d5 a5 44. c6 h4 45. gxh4 a4 46. Ra8 Kc4 47. Ng5 Rg7 48. Rxa4+ Kxd5 49. Bd4 Rf4 50. Bxg7 Rxa4 51. Kg3 Ra7 52. Bf6 Rc7 53. h5 Rxc6 54. Bg7 Rc5 55. h6 Kc6 56. f4 Kd5 1-0

[Event "Arab-ch"]
[Site "Dubai"]
[Date "2021.12.03"]
[Round "9"]
[White "Saeed, Ishaq"]
[Black "Ayyad, Maher"]
[Result "1-0"]
[WhiteElo "2409"]
[BlackElo "2064"]
[PlyCount "55"]
[EventDate "2021.11.26"]
[EventType "swiss"]
[EventRounds "9"]
[EventCountry "UAE"]
[SourceTitle "CBM 205 Extra"]
[Source "ChessBase"]
[SourceDate "2022.01.31"]
[SourceVersion "1"]
[SourceVersionDate "2022.01.31"]
[SourceQuality "1"]

1. Nf3 d5 2. g3 e6 3. Bg2 Nf6 4. 0-0 c6 5. d3 Bd6 6. Nbd2 0-0 7. e4 Nbd7 8. Re1 e5 9. a3 Re8 10. c4 dxe4 11. Nxe4 Nxe4 12. dxe4 Bc7 13. b4 a5 14. Bb2 Qe7 15. Bc3 axb4 16. axb4 Rxa1 17. Qxa1 Nb6 18. c5 Nd7 19. Bh3 b6 20. Bxd7 Qxd7 21. Bxe5 Bxe5 22. Nxe5 Qe6 23. Nd3 Qc4 24. Qb1 bxc5 25. Nxc5 Bh3 26. Qb3 Rxe4 27. Nxe4 Qxb3 28. Nc5 1-0

[Event "Arab-ch"]
[Site "Dubai"]
[Date "2021.11.28"]
[Round "4"]
[White "Msellek, Ilyass"]
[Black "Saeed, Ishaq"]
[Result "1-0"]
[WhiteElo "2384"]
[BlackElo "2409"]
[PlyCount "107"]
[EventDate "2021.11.26"]
[EventType "swiss"]
[EventRounds "9"]
[EventCountry "UAE"]
[SourceTitle "CBM 205 Extra"]
[Source "ChessBase"]
[SourceDate "2022.01.31"]
[SourceVersion "1"]
[SourceVersionDate "2022.01.31"]
[SourceQuality "1"]

1. e4 e5 2. Nf3 Nc6 3. d4 exd4 4. Nxd4 Bc5 5. Nb3 Bb4+ 6. c3 Be7 7. Bf4 d6 8. c4 Nf6 9. Nc3 0-0 10. Be2 Ne5 11. Nd4 Re8 12. 0-0 Ng6 13. Bg3 Bf8 14. Qc2 c6 15. Rad1 Qb6 16. h3 Be6 17. f4 Bd7 18. Kh1 Rad8 19. Bf3 Qa5 20. Nb3 Qb4 21. a3 Qb6 22. Nd4 Bc8 23. Rfe1 a5 24. Nb3 Nd7 25. Na4 Qc7 26. h4 Be7 27. Qf2 Ngf8 28. h5 Nf6 29. e5 Ng4 30. Qe2 Nh6 31. Bf2 Qd7 32. Nb6 Qf5 33. Nxc8 Rxc8 34. exd6 Bxd6 35. Qxe8 Rxe8 36. Rxe8 Qd7 37. Rxf8+ Kxf8 38. Rxd6 Qf5 39. g3 a4 40. Nd4 Qb1+ 41. Kg2 Ke7 42. c5 Qxb2 43. Bxc6 Qxa3 44. Rd7+ Kf8 45. Rd8+ Ke7 46. Rd7+ Kf6 47. g4 g5 48. Rd6+ Kg7 49. fxg5 bxc6 50. gxh6+ Kf8 51. Nxc6 f5 52. g5 Qa2 53. g6 hxg6 54. hxg6 1-0

[Event "Arab-ch"]
[Site "Dubai"]
[Date "2021.11.27"]
[Round "3"]
[White "Saeed, Ishaq"]
[Black "Al Hosani, Omran"]
[Result "1-0"]
[WhiteElo "2409"]
[BlackElo "2202"]
[PlyCount "45"]
[EventDate "2021.11.26"]
[EventType "swiss"]
[EventRounds "9"]
[EventCountry "UAE"]
[SourceTitle "CBM 205 Extra"]
[Source "ChessBase"]
[SourceDate "2022.01.31"]
[SourceVersion "1"]
[SourceVersionDate "2022.01.31"]
[SourceQuality "1"]

1. Nf3 Nf6 2. g3 g6 3. Bg2 Bg7 4. 0-0 0-0 5. d3 d5 6. Nbd2 c5 7. e4 Nc6 8. c3 e5 9. Re1 Re8 10. exd5 Nxd5 11. Nc4 Bf5 12. Ng5 Nf6 13. Bxc6 bxc6 14. Nxe5 Nd5 15. Ngxf7 Qc7 16. d4 cxd4 17. cxd4 Rab8 18. Nh6+ Bxh6 19. Bxh6 Rxb2 20. Rc1 Rxa2 21. Nxc6 Rxe1+ 22. Qxe1 Qf7 23. Qe5 1-0